000 00963nam a2200325 a 4500
003 AR-BaBNM
005 20251128203110.0
008 082120s2002 ||||||||||||||000 | spa||
040 _cAR-BaBNM
100 1 _aFlannery, Edward H.
245 0 0 _aVeintitrés siglos de antisemitismo
_bel antisemitismo rojo, el antisemitismo cortés, el antisemitismo hoy
250 _a1ª ed.
260 _aBuenos Aires
_bPaidós
_c1974
300 _a186 p.
490 0 _aBiblioteca del educador contemporáneo
_vv. 290
500 _aContiene referencias bibliográficas en notas a pie de página
650 4 _aSOCIOLOGIA
650 4 _aANTISEMITISMO
650 4 _aDISCRIMINACION RACIAL
650 4 _aPROBLEMAS SOCIALES
650 4 _aJUDIOS
650 4 _aRACISMO
650 4 _aIDEOLOGIAS
650 4 _aNAZISMO
650 4 _aFASCISMO
700 1 _aGoligorsky, Eduardo
_etraductor
700 1 _aMeyer, Marshall T.
_esupervisión
942 _cBK
998 _cSILVI
999 _c1885
_d1885